Central Library OPAC University of Rajshahi

Cameo plays : (Record no. 54056)

MARC details
000 -LEADER
fixed length control field 00548nam a2200205 a 4500
001 - CONTROL NUMBER
control field 54056
003 - CONTROL NUMBER IDENTIFIER
rucl marc code BD-RJUL
005 - DATE AND TIME OF LATEST TRANSACTION
control field 20211209080051.0
008 - FIXED-LENGTH DATA ELEMENTS--GENERAL INFORMATION
fixed length control field 500101m19399999xx 000 0 eng d
035 ## - SYSTEM CONTROL NUMBER
System control number (BD-RJUL)54178
040 ## - CATALOGING SOURCE
Original cataloging agency EQO
Transcribing agency EQO
Language of cataloging eng
Modifying agency BD-RJUL
041 ## - LANGUAGE CODE
Language code of text/sound track or separate title eng
082 ## - DEWEY DECIMAL CLASSIFICATION NUMBER
Edition number 23
Classification number 822
Author mark and year BLC 1939
100 ## - MAIN ENTRY--PERSONAL NAME
Personal name Blyton, Enid
9 (RLIN) 161386
245 10 - TITLE STATEMENT
Title Cameo plays :
Remainder of title book 4 /
Statement of responsibility, etc. Enid Blyton
260 ## - PUBLICATION, DISTRIBUTION, ETC. (IMPRINT)
Place of publication, distribution, etc. London :
Name of publisher, distributor, etc. E.J. Arnold & Son,
Date of publication, distribution, etc. 1939
300 ## - PHYSICAL DESCRIPTION
Pagination 64 p;
Size 18 cm.
650 ## - SUBJECT ADDED ENTRY--TOPICAL TERM
Topical term or geographic name as entry element Children's plays, English.
9 (RLIN) 161387
942 ## - ADDED ENTRY ELEMENTS (KOHA)
Source of classification or shelving scheme Dewey Decimal Classification
Koha item type Books
Holdings
Lost status Source of classification or shelving scheme Damaged status Not for loan Collection code Permanent Location Current Location Shelving location Date acquired Source of acquisition Total Checkouts Full call number Date last seen Copy number Koha item type
  Dewey Decimal Classification     Non-fiction Central Library, University of Rajshahi Central Library, University of Rajshahi   29/10/1990 Shaukat Ors. Dhaka   822 BLC 1939 01/11/2016 C-2 Books